000 005390000a22001810004500
003 MACL
005 20160609124757.0
008 160609b xxu||||| |||| 00| 0 eng d
040 _aMACL
_cMACL
041 _aHindi
082 _a800
100 _aआलोक, सतिश
_963374
245 _aपरनिंदा परमं सुरवम़
_cसतिश आलोक
260 _bविधा विहार
_c1996
_aनई दिल्‍ली
350 _a75
650 _aLiterature
_963375
942 _cHIN
_k800
_2ddc
999 _c30222
_d30222